National Jury Verdict Review & Analysis

Detalles Bibliográficos
Formato: eBook
Lenguaje:inglés
Materias:
Acceso en línea:Acceso restringido

MARC

LEADER 00000nam a22000007a 4500
005 20211215230652.0
007 cr|||| |||
008 211215c20139999us mr|w s|||| 0|||b1eng d
035 |a 32453 
040 |a vLex 
090 |c 12730  |d 12730 
245 0 0 |a National Jury Verdict Review & Analysis  |h [Recurso electrn̤ico] / 
256 |a Servicio en ln̕ea 
300 |a 1 recurso electrn̤ico 
310 |a Mensual 
506 1 |a Disponible solo en los productos indicados  |d vLex Global  |d vLex Global (Academic Edition, excluding Law Schools)  |d vLex Global (Academic Edition, Law Schools) 
650 0 4 |a Derecho Civil  |z Estados Unidos 
740 0 |a vLex Revistas (Servicio en ln̕ea) 
856 4 0 |u https://app.vlex.com/#/sources/32453  |z Acceso restringido 
942 |c REV 
999 0 |a Civil Law